| 000 | 00757nam a22002897a 4500 | ||
|---|---|---|---|
| 005 | 20250729131809.0 | ||
| 008 | 190613b2000 xxu||||| |||| 00| 0 spa d | ||
| 020 | _a9968310379 | ||
| 041 | _aESP | ||
| 082 | _a332.11 H557b2 | ||
| 100 |
_aHernández Rodríguez, Carlos A. _954381 |
||
| 245 | _aBanca central | ||
| 250 | _a2 edición | ||
| 260 | _aCosta Rica | ||
| 260 | _bEUNED | ||
| 260 | _c2000 | ||
| 300 | _a264 páginas | ||
| 490 | _aDirección y Administración de Empresas | ||
| 650 | _aCOSTA RICA | ||
| 650 | _aBANCOS CENTRALES | ||
| 650 | _aOBJETIVOS | ||
| 650 | _aFUNCIONES | ||
| 650 | _aOPERACIONES DE MERCADO ABIERTO | ||
| 650 | _aPOLÍTICA MONETARIA | ||
| 650 | _aRELACIONES FINANCIERAS INTERNACIONALES | ||
| 942 |
_cBK _2ddc |
||
| 999 |
_c12064 _d12064 |
||